Introduction to applied mathematics

Αποθηκεύτηκε σε:
Λεπτομέρειες βιβλιογραφικής εγγραφής
Κύριος συγγραφέας: Sirovich, L. 1933-
Μορφή: Βιβλίο
Γλώσσα:English
Δημοσίευση: New York : Springer-Verlag, c1988
Σειρά:Texts in applied mathematics ; ; 1
Θέματα:
Ετικέτες: Προσθήκη ετικέτας
Δεν υπάρχουν, Καταχωρήστε ετικέτα πρώτοι!

MARC

LEADER 00000nam a2200000 i 4500
001 1/89069
008 051115s1988 eng d
020 |a 0-387-96884-9 
035 |l 10081235 
040 |a GR-MY-UA  |b gre  |e aacr 
041 0 |a eng 
082 0 |a 510  |2 (22) 
100 1 |a Sirovich, L.  |d 1933- 
245 1 0 |a Introduction to applied mathematics /  |c L. Sirovich 
260 |a New York :   |b Springer-Verlag,   |c c1988 
300 |a xii, 370 σ.;  |b εικ.;  |c 25 εκ. 
490 1 |a Texts in applied mathematics  |v ; 1 
504 |a Περιέχει βιβλιογραφία (σ. [363]-364) και ευρετήριο 
650 0 0 |a Mathematics. 
830 0 |a Texts in applied mathematics ;  |v ; 1 
852 |a INST  |b LESVOS  |e 20051115  |h 510 SIR  |p 005100033529  |q 005100033529  |t BK  |y 0 
901 |a BIBL1-2005-3 
909 |a Λ  |b 125186 
920 |a ΔΙΕΥΡΥΝΣΗ  |b ΕΠΕΑΕΚ-ΤΕΘ  |y ΛΕΣΒΟΣ  |z 2005-10 
970 |a ΚΑΡΑ  |b ΓΙΑΣΕΜΗ  |z 2005/11/15